000 00454nam a2200157Ia 4500
008 220214s9999 xx 000 0 und d
022 _a0048-4059
245 0 _aPHYSIOLOGICAL PLANT PATHOLOGY
246 _aPhysiological and Molecular Plant Pathology
260 _bAcademic Press, London
_aUK
310 _aBM
500 _aEnding Volume & Year: 27, 1985
500 _aMissing Volume: 7;26(2)
500 _aStarting Volume & Year: 2, 1972
942 _cBJ
999 _c6944
_d6944